| 000 | 02399nam0a2200373 4500 | ||
|---|---|---|---|
| 001 | RU\NLR\bibl\1796095 | ||
| 005 | 20260407234540.0 | ||
| 010 |
_a978-5-904542-07-08 _9700 |
||
| 021 |
_aRU _b2011-52398 _93734 |
||
| 035 | _a(nilc)RSL-KNO-004971204 | ||
| 035 | _a(NLR Aleph) 001786779 | ||
| 090 |
_a1732158 _c1732158 |
||
| 100 | _a20110711d2011 |||y0rusy50 ca | ||
| 101 | 0 | _arus | |
| 102 | _aRU | ||
| 105 | _ay ||||||||| | ||
| 200 | 1 |
_aПерспективы перехода на международные стандарты финансовой отчетности и международные стандарты аудита в современных условиях _eсборник статей студентов, аспирантов под руководством профессорско-преподавательского состава по итогам научно-практической конференции 13 апреля 2011 г. в рамках комплексной НИР "Проблемы учета, анализа и аудита в социальной сфере" _f[редкол.: Свободин В.А., д.э.н., проф. и др.] |
|
| 210 |
_aМосква _cИП Глущенко Валерий Владимирович _d2011 |
||
| 215 |
_a352 с. _d20 |
||
| 300 | _aВ надзаг.: Рос. гос. социал. ун-т, Фак. социал. страхования, экономики и социологии труда, Каф. бух. учета и аудита | ||
| 320 | _aБиблиогр. в конце ст. | ||
| 606 | 1 |
_aБухгалтерский учет _jСборники _xОтчетность _xСтандартизация международная _92368234 _3RU\NLR\auth\661413701 |
|
| 686 |
_aУ052.9(2)20я43 _2rubbk |
||
| 686 |
_aУ053.9(2)я43 _2rubbk |
||
| 686 | _aУ052.9(2)2-15я43 | ||
| 702 | 1 |
_4340 _8rus _7ca _aСвободин _bВ. А. _gВалентин Андреевич _3RU\NLR\auth\7744343 _927284 |
|
| 712 | 0 | 2 |
_4570 _aРоссийский государственный социальный университет _bКафедра бухгалтерского учета и аудита _3RU\NLR\AUTH\8810161456 _9818785 |
| 801 | 0 |
_aRU _bRuMoRKP _c20110711 _grcr |
|
| 801 | 1 |
_aRU _bРГБ _c20110711 |
|
| 801 | 2 |
_aRU _bNLR _c20110808 _grcr |
|
| 942 | _cBOOK | ||
| 980 | _aNB | ||
| 980 | _aNBR | ||